Excellence in Information Technology (Record no. 1172)

MARC details
000 -LEADER
fixed length control field 00362nam a2200157Ia 4500
008 - FIXED-LENGTH DATA ELEMENTS--GENERAL INFORMATION
fixed length control field 221030s9999 xx 000 0 und d
020 ## - INTERNATIONAL STANDARD BOOK NUMBER
ISBN 818724822X
041 ## - LANGUAGE CODE
Language code of text/sound track or separate title
082 ## - DEWEY DECIMAL CLASSIFICATION NUMBER
Classification number 105.23
Item number Soo
100 ## - MAIN ENTRY--AUTHOR NAME
Personal name S. P. Sood
245 #0 - TITLE STATEMENT
Title Excellence in Information Technology
260 ## - PUBLICATION, DISTRIBUTION, ETC. (IMPRINT)
Name of publisher Raj Pub.
Place of publication Jaipur
Year of publication 2000
300 ## - PHYSICAL DESCRIPTION
Number of Pages 269
650 ## - SUBJECT ADDED ENTRY--TOPICAL TERM
Topical Term IT
942 ## - ADDED ENTRY ELEMENTS (KOHA)
Koha item type Books
Holdings
Accession Number Cost, normal purchase price Full call number Price effective from Koha item type Withdrawn / writtenoff status Materials specified (bound volume or other part) Damaged status Not for loan Permanent Location Current Location Shelving location Date acquired Lost/ Missing status department
BE 3716 550.00 105.23 Soo 10/30/2022 Books   Print     MIET Library, Jammu MIET Library, Jammu BL-Academic Blockc, FL-2, CUP-107, SH-3, R-3 04/20/2001   BE